Normal view
MARC view
- Urdu Literature. Biography
Entry Topical Term
001 - CONTROL NUMBER
- control field: 115813
003 - CONTROL NUMBER IDENTIFIER
- control field: NUST
005 - DATE AND TIME OF LATEST TRANSACTION
- control field: 20230912165557.0
008 - FIXED-LENGTH DATA ELEMENTS
- fixed length control field: 230912|| aca||aabn | a|a d
040 ## - CATALOGING SOURCE
- Original cataloging agency: NUST
- Transcribing agency: NUST
150 ## - HEADING--TOPICAL TERM
- Topical term or geographic name entry element: Urdu Literature. Biography
670 ## - SOURCE DATA FOUND
- Source citation: Work cat.: (NUST): عمر خیام : Omer Khayam :, 2018
